Geografija naselenija mira

Na minha lista:
Detalhes bibliográficos
Formato: Livro
Idioma:russo
Publicado em: Moskva Mysl' 1966
Tags: Adicionar Tag
Sem tags, seja o primeiro a adicionar uma tag!

MARC

LEADER 00000nam a2200000 4500
001 c122721
005 20221207074618.1
041 0 |a rus 
044 |a RU 
245 1 0 |a Geografija naselenija mira 
264 1 |a Moskva  |b Mysl'  |c 1966 
300 |a 221 s.